Building sustainability in the balance (Record no. 108734)

MARC details
000 -LEADER
fixed length control field 00896cam a2200313 4500
001 - CONTROL NUMBER
control field L126690
008 - FIXED-LENGTH DATA ELEMENTS--GENERAL INFORMATION
fixed length control field 040705n2004 000 0 eng u
020 ## - INTERNATIONAL STANDARD BOOK NUMBER
International Standard Book Number 072820424X
035 ## - SYSTEM CONTROL NUMBER
System control number (Sirsi) u145257
041 ## - LANGUAGE CODE
Language code of text/sound track or separate title eng
050 ## - LIBRARY OF CONGRESS CALL NUMBER
Classification number 333.72
-- 18
100 ## - MAIN ENTRY--PERSONAL NAME
Personal name Sayce, Sarah
245 ## - TITLE STATEMENT
Title Building sustainability in the balance
Remainder of title promoting stakeholder diaglogue
260 ## - PUBLICATION, DISTRIBUTION, ETC.
Place of publication, distribution, etc. London
Name of publisher, distributor, etc. Estates Gazette
Date of publication, distribution, etc. 2004
300 ## - PHYSICAL DESCRIPTION
Extent xi, 132p.
Other physical details ill.
Dimensions 31cm.
350 ## - PRICE (NR) (BK AM CF MU VM SE) [OBSOLETE]
Price 35
520 ## - SUMMARY, ETC.
Summary, etc. Accompanies main work (L126690)
650 ## - SUBJECT ADDED ENTRY--TOPICAL TERM
Topical term or geographic name entry element SUSTAINABLE CONSTRUCTION
650 ## - SUBJECT ADDED ENTRY--TOPICAL TERM
Topical term or geographic name entry element ENVIRONMENTAL SUSTAINABILITY
650 ## - SUBJECT ADDED ENTRY--TOPICAL TERM
Topical term or geographic name entry element SUSTAINABLE BUILDINGS
650 ## - SUBJECT ADDED ENTRY--TOPICAL TERM
Topical term or geographic name entry element SUSTAINABLE DEVELOPMENT
650 ## - SUBJECT ADDED ENTRY--TOPICAL TERM
Topical term or geographic name entry element ECONOMIC SUSTAINABILITY
651 #4 - SUBJECT ADDED ENTRY--GEOGRAPHIC NAME
Geographic name ENGLAND AND WALES
690 ## - LOCAL SUBJECT ADDED ENTRY--TOPICAL TERM (OCLC, RLIN)
Topical term or geographic name as entry element BUILDING AND CONSTRUCTION-SUSTAINABLE
700 ## - ADDED ENTRY--PERSONAL NAME
Personal name Walker, Anthony
700 ## - ADDED ENTRY--PERSONAL NAME
Personal name McIntosh, Angus
942 ## - ADDED ENTRY ELEMENTS (KOHA)
Suppress in OPAC 0

No items available.